Impianti sportivi /

I tiakina i:
Ngā taipitopito rārangi puna kōrero
Kaituhi matua: Mercandino, Cesare (autor)
Hōputu: Pukapuka
Reo:Itāriana
I whakaputaina: Milán, Italia : Görlich, 1966, c1966
Ngā marau:
Ngā Tūtohu: Tāpirihia he Tūtohu
Kāore He Tūtohu, Me noho koe te mea tuatahi ki te tūtohu i tēnei pūkete!

MARC

LEADER 00000nam^a2200000^a^4500
001 000187920
005 20250521000000.0
009 20260310102317.8
037 |a Acervo ITESO - Biblioteca 
041 |a ITA 
082 |a 725. 8043  |b MER 
100 |a Mercandino, Cesare  |e (autor) 
245 1 0 |a Impianti sportivi /  |c C. Mercandino. 
264 4 |a Milán, Italia :  |b Görlich,  |c 1966, c1966 
300 |a XIX, 444 p. 
336 |a texto  |b txt  |2 rdacontenido 
337 |a sin mediación  |b n  |2 rdamedio 
338 |a volumen  |b nc  |2 rdasoporte 
649 |a XX 
650 |a Estadios 
650 |a Hipódromos 
650 |a Pistas de Carreras 
650 |a Velódromos 
650 |a Instalaciones Olímpicas 
650 |a Centros Deportivos 
650 |a Arquitectura Deportiva -  |x Tema Principal 
650 |a Deportes -  |x Historia 
910 |a Fondo Julio de la Peña Lomelín 
920 |a Impresos - Libros 
930 |a Arquitectos Jaliscienses 
905 |a 115 
901 |a 0500130518  |b IT1  |c JAL  |u 20250521 
901 |a 0500130805  |b IT1  |c JAL  |u 20250521 
902 |a https://opac.biblio.iteso.mx/vufind/Record/000187920